000 00445nam a2200157 4500
001 137870
003 ES-MaACL
005 20230906195445.0
007 t|
008 070214s1932 xxk r ||||1| eng d
100 1 _aSalter, Arthur.
_9102038
245 1 0 _aRecovery
_b: the second effort /
_cby Sir Arthur Salter, K. C. B.
260 _aLondon :
_bG. Bell and Sons,
_c1932.
300 _aXVI, 306 p. ;
_c22 x 14 cm.
852 _aES-MaACL
_jA-736
999 _c137870
_d137870